Lidská sídla v podmínkách trvale udržitelného rozvoje /
Saved in:
| Main Authors: | , |
|---|---|
| Format: | Book |
| Language: | Czech |
| Published: |
Ostrava :
Vysoká škola báňská - Technická univerzita Ostrava
1996
Praha : Ministerstvo životního prostředí ČR, 1996 Praha : Centrum pro otázky životního prostředí UK v Praze, 1996 |
| Edition: | 1. vydanie |
| Subjects: | |
| Tags: |
No Tags, Be the first to tag this record!
|
MARC
| LEADER | 00000nam a22000003a 4500 | ||
|---|---|---|---|
| 001 | 0065111 | ||
| 003 | SK-STU | ||
| 005 | 20190328150740.9 | ||
| 007 | ta | ||
| 008 | 180518s ----xo-----e------000-0-----d | ||
| 020 | |a 80-7078-368-0 | ||
| 040 | |a STU |b slo | ||
| 041 | 0 | |a cze | |
| 044 | |a xr | ||
| 100 | 1 | |a Opplová, Marta |4 aut | |
| 245 | 1 | 0 | |a Lidská sídla v podmínkách trvale udržitelného rozvoje / |c aut. Marta Opplová, Jiří Hrůza |
| 250 | |a 1. vydanie | ||
| 260 | |a Ostrava : |b Vysoká škola báňská - Technická univerzita Ostrava |c 1996 | ||
| 260 | |a Praha : |b Ministerstvo životního prostředí ČR, |c 1996 | ||
| 260 | |a Praha : |b Centrum pro otázky životního prostředí UK v Praze, |c 1996 | ||
| 300 | |a 134 s. | ||
| 650 | 0 | 7 | |a trvalá udržateľnosť |
| 650 | 0 | 7 | |a vývoj stavby miest |
| 650 | 0 | 7 | |a urbanizmus a územné plánovanie |
| 650 | 0 | 7 | |a ekológia mesta |
| 650 | 0 | 7 | |a urbánna ekológia |
| 650 | 0 | 7 | |a osídlenie |
| 650 | 0 | 7 | |a mestské osídlenie |
| 650 | 0 | 7 | |a mesto |
| 650 | 0 | 7 | |a sídlo |
| 700 | 1 | |a Hrůza, Jiří |4 aut | |
| 996 | |b 284AU07457 |c A* 10706/U |l AAKNAR |s A |a 24 |w 0065111_0001 | ||